Statistics for Ballon d'Or Tile Select

Click here to take the quiz!

General Stats

  • This quiz has been taken 240 times
    (181 since last reset)
  • The average score is 61 of 80

Answer Stats

QuestionTileSelect% Correct
Ballon d'Or WinnersAmancioNo
99%
Ballon d'Or WinnersDavid BeckhamNo
96%
Ballon d'Or WinnersPaul BreitnerNo
96%
Ballon d'Or WinnersRoberto CarlosNo
96%
Ballon d'Or WinnersCafuNo
95%
Ballon d'Or WinnersFranco BaresiNo
95%
Ballon d'Or WinnersAndrés IniestaNo
94%
Ballon d'Or WinnersEric CantonaNo
94%
Ballon d'Or WinnersJimmy GreavesNo
94%
Ballon d'Or WinnersKazimierz DeynaNo
94%
Ballon d'Or WinnersCristiano RonaldoYes
93%
Ballon d'Or WinnersDennis BergkampNo
93%
Ballon d'Or WinnersNeymarNo
93%
Ballon d'Or WinnersRuud KrolNo
93%
Ballon d'Or WinnersFranz BeckenbauerYes
92%
Ballon d'Or WinnersLuka ModrićYes
92%
Ballon d'Or WinnersJean TiganaNo
91%
Ballon d'Or WinnersJohan CruyffYes
91%
Ballon d'Or WinnersKakáYes
91%
Ballon d'Or WinnersLionel MessiYes
91%
Ballon d'Or WinnersMario KempesNo
91%
Ballon d'Or WinnersFabio CannavaroYes
90%
Ballon d'Or WinnersGarrinchaNo
90%
Ballon d'Or WinnersKarim BenzemaYes
90%
Ballon d'Or WinnersRonaldoYes
90%
Ballon d'Or WinnersThierry HenryNo
90%
Ballon d'Or WinnersBernd SchusterNo
89%
Ballon d'Or WinnersZinedine ZidaneYes
89%
Ballon d'Or WinnersSocratesNo
88%
Ballon d'Or WinnersXaviNo
88%
Ballon d'Or WinnersDino ZoffNo
87%
Ballon d'Or WinnersGary LinekerNo
87%
Ballon d'Or WinnersRonaldinhoYes
87%
Ballon d'Or WinnersMarco van BastenYes
86%
Ballon d'Or WinnersRaúlNo
86%
Ballon d'Or WinnersZicoNo
86%
Ballon d'Or WinnersFrank RijkaardNo
85%
Ballon d'Or WinnersJust FontaineNo
85%
Ballon d'Or WinnersKenny DalglishNo
85%
Ballon d'Or WinnersLuigi RivaNo
85%
Ballon d'Or WinnersPaolo MaldiniNo
85%
Ballon d'Or WinnersMichael OwenYes
83%
Ballon d'Or WinnersMichel PlatiniYes
83%
Ballon d'Or WinnersAndriy ShevchenkoYes
82%
Ballon d'Or WinnersGeorge WeahYes
82%
Ballon d'Or WinnersLuís FigoYes
82%
Ballon d'Or WinnersPavel NedvědYes
82%
Ballon d'Or WinnersBobby MooreNo
81%
Ballon d'Or WinnersPeléNo
81%
Ballon d'Or WinnersJürgen KlinsmannNo
80%
Ballon d'Or WinnersRivaldoYes
80%
Ballon d'Or WinnersRomárioNo
79%
Ballon d'Or WinnersAlfredo Di StéfanoYes
78%
Ballon d'Or WinnersDiego MaradonaNo
78%
Ballon d'Or WinnersGerd MüllerYes
78%
Ballon d'Or WinnersLothar MatthäusYes
78%
Ballon d'Or WinnersGeorge BestYes
77%
Ballon d'Or WinnersEusébioYes
76%
Ballon d'Or WinnersLev YashinYes
76%
Ballon d'Or WinnersRoberto BaggioYes
73%
Ballon d'Or WinnersRuud GullitYes
71%
Ballon d'Or WinnersBobby CharltonYes
68%
Ballon d'Or WinnersHristo StoichkovYes
68%
Ballon d'Or WinnersMatthias SammerYes
64%
Ballon d'Or WinnersJean-Pierre PapinYes
59%
Ballon d'Or WinnersFerenc PuskásNo
52%
Ballon d'Or WinnersStanley MatthewsYes
51%
Ballon d'Or WinnersKarl-Heinz RummeniggeYes
50%
Ballon d'Or WinnersKevin KeeganYes
50%
Ballon d'Or WinnersRaymond KopaYes
47%
Ballon d'Or WinnersPaolo RossiYes
46%
Ballon d'Or WinnersDenis LawYes
44%
Ballon d'Or WinnersOleg BlokhinYes
40%
Ballon d'Or WinnersIgor BelanovYes
37%
Ballon d'Or WinnersLuis SuárezYes
34%
Ballon d'Or WinnersFlórián AlbertYes
33%
Ballon d'Or WinnersGianni RiveraYes
29%
Ballon d'Or WinnersJosef MasopustYes
29%
Ballon d'Or WinnersOmar SivoriYes
29%
Ballon d'Or WinnersAllan SimonsenYes
28%

Score Distribution

Percentile by Number Answered

Percent of People with Each Score

Your Score History

You have not taken this quiz since the last reset